000 00438nab a2200145Ia 4500
003 ES-SlBCS
005 20210601124325.0
008 140529s1994 xxu||||| |||| 00| 0 eng d
041 _aeng
100 1 _aBoss, Judith
_9139750
245 0 4 _aThe Autonomy of Moral Intelligence
_c Judith Boss
650 0 4 _aInteligencia Moral-Autonomía
_9139751
773 0 _tEducational Theory
_gvol. 44, nº. 4, 1994, págs. 399-416
_wRev1399
942 _cAR
999 _c512950
_d512950